[Event "NED-chT 1112"]
[Site "Netherlands"]
[Date "2012.02.11"]
[Round "6.9"]
[White "Span, Paul"]
[Black "Michielsen, Joost"]
[Result "1/2-1/2"]
[WhiteElo "2305"]
[BlackElo "2317"]
[PlyCount "83"]
[EventDate "2011.09.17"]
[EventType "team-tourn"]
[EventRounds "9"]
[EventCountry "NED"]
[SourceTitle "EXT 2013"]
[Source "ChessBase"]
[SourceDate "2012.11.22"]
[SourceVersion "1"]
[SourceVersionDate "2012.11.22"]
[SourceQuality "1"]
[WhiteTeam "Calder HMC"]
[BlackTeam "Utrecht"]
[WhiteTeamCountry "NED"]
[BlackTeamCountry "NED"]

1. d4 d5 2. c4 c6 3. Nf3 Nf6 4. e3 Bg4 5. Qb3 Qb6 6. Ne5 Be6 7. Nc3 Nbd7 8. Nxd7 Bxd7 9. Na4 Qc7 10. Nc5 Rb8 11. cxd5 Nxd5 12. e4 Nf6 13. g3 e6 14. Bf4 Bd6 15. e5 Bxc5 16. exf6 Bd6 17. fxg7 Rg8 18. Bxd6 Qxd6 19. Bg2 Rxg7 20. 0-0 Kf8 21. Qc3 Rd8 22. Qc5 Qxc5 23. dxc5 Rg5 24. b4 Re5 25. Rfd1 Ke7 26. Kf1 f6 27. Rd4 Be8 28. Rxd8 Kxd8 29. Re1 Rxe1+ 30. Kxe1 Bg6 31. f4 Bb1 32. a3 Ba2 33. Be4 f5 34. Bd3 Ke7 35. Kd2 Kf6 36. Ke3 e5 37. fxe5+ Kxe5 38. Bc2 h6 39. Bd3 Bb3 40. Bb1 Bd1 41. Ba2 Bh5 42. Bb3 1/2-1/2

[Event "NED-chT 1112"]
[Site "Netherlands"]
[Date "2012.01.07"]
[Round "5.5"]
[White "Haast, Anne"]
[Black "Span, Paul"]
[Result "1/2-1/2"]
[WhiteElo "2264"]
[BlackElo "2305"]
[PlyCount "91"]
[EventDate "2011.09.17"]
[EventType "team-tourn"]
[EventRounds "9"]
[EventCountry "NED"]
[SourceTitle "EXT 2013"]
[Source "ChessBase"]
[SourceDate "2012.11.22"]
[SourceVersion "1"]
[SourceVersionDate "2012.11.22"]
[SourceQuality "1"]
[WhiteTeam "De Stukkenjagers"]
[BlackTeam "Calder HMC"]
[WhiteTeamCountry "NED"]
[BlackTeamCountry "NED"]

1. e4 e6 2. d4 d5 3. Nc3 Nf6 4. Bg5 Bb4 5. e5 h6 6. Bd2 Bxc3 7. bxc3 Ne4 8. Bd3 Nxd2 9. Qxd2 c5 10. f4 Qa5 11. Nf3 b6 12. c4 Qxd2+ 13. Nxd2 cxd4 14. cxd5 exd5 15. Nf3 Nc6 16. Bb5 Bd7 17. Bxc6 Bxc6 18. Nxd4 Bd7 19. f5 0-0 20. Kd2 Rac8 21. c3 Rc4 22. Rhe1 b5 23. Rab1 a5 24. a3 Rb8 25. Re3 b4 26. Ke1 Rbc8 27. axb4 axb4 28. Rxb4 Rxc3 29. Rxc3 Rxc3 30. Kf2 Rc8 31. Ke3 Kf8 32. e6 fxe6 33. fxe6 Be8 34. Kf4 Rc4 35. Rxc4 dxc4 36. Ke3 Bg6 37. Kd2 Ke7 38. g4 Be4 39. Kc3 Bd5 40. Nf5+ Kxe6 41. Kd4 Bf3 42. Nxg7+ Kf6 43. Nf5 Bxg4 44. Nxh6 Be6 45. Ng4+ Bxg4 46. Kxc4 1/2-1/2

[Event "NED-chT 1112"]
[Site "Netherlands"]
[Date "2011.12.17"]
[Round "4.8"]
[White "Van der Poel, Henk"]
[Black "Span, Paul"]
[Result "1/2-1/2"]
[WhiteElo "2312"]
[BlackElo "2305"]
[PlyCount "43"]
[EventDate "2011.09.17"]
[EventType "team-tourn"]
[EventRounds "9"]
[EventCountry "NED"]
[SourceTitle "EXT 2013"]
[Source "ChessBase"]
[SourceDate "2012.11.22"]
[SourceVersion "1"]
[SourceVersionDate "2012.11.22"]
[SourceQuality "1"]
[WhiteTeam "BSG"]
[BlackTeam "Calder HMC"]
[WhiteTeamCountry "NED"]
[BlackTeamCountry "NED"]

1. e4 e6 2. d4 d5 3. Nc3 Nf6 4. Bg5 dxe4 5. Nxe4 Be7 6. Bxf6 Bxf6 7. Nf3 Nd7 8. Qd2 0-0 9. 0-0-0 b6 10. Bd3 Bb7 11. h4 c5 12. Nfg5 h6 13. Nd6 Qc7 14. Nxb7 Qxb7 15. Bh7+ Kh8 16. Be4 Bxg5 17. Bxb7 Bxd2+ 18. Rxd2 Rab8 19. Bc6 Nf6 20. dxc5 bxc5 21. Rhd1 g5 22. hxg5 1/2-1/2

[Event "NED-chT 1011"]
[Site "Netherlands"]
[Date "2010.11.20"]
[Round "3.6"]
[White "Houtman, Joop"]
[Black "Span, Paul"]
[Result "1-0"]
[WhiteElo "2214"]
[BlackElo "2322"]
[PlyCount "111"]
[EventDate "2010.09.25"]
[EventType "team"]
[EventRounds "9"]
[EventCountry "NED"]
[SourceTitle "EXT 2012"]
[Source "ChessBase"]
[SourceDate "2011.11.24"]
[SourceVersion "1"]
[SourceVersionDate "2011.11.24"]
[SourceQuality "1"]
[WhiteTeam "Groningen"]
[BlackTeam "Calder HMC"]
[WhiteTeamCountry "NED"]
[BlackTeamCountry "NED"]

1. e4 e6 2. d4 d5 3. Nd2 Be7 4. Ngf3 Nf6 5. Bd3 c5 6. exd5 Qxd5 7. Bc4 Qd6 8. dxc5 Qxc5 9. Qe2 a6 10. a4 0-0 11. 0-0 Qc7 12. Bb3 Nc6 13. Nc4 Na5 14. Nxa5 Qxa5 15. Rd1 Qh5 16. Qe5 Qxe5 17. Nxe5 Bc5 18. Be3 Bxe3 19. fxe3 Ne4 20. c3 b6 21. Bc2 Nf6 22. Rd6 Rb8 23. Rad1 Nd5 24. Kf2 b5 25. Nc6 Rb7 26. a5 Rd7 27. Rxd7 Bxd7 28. Ne5 Bc8 29. e4 Nf6 30. Rd6 Bb7 31. Ke3 Rc8 32. Nd7 Ne8 33. Rd2 g5 34. g3 Kg7 35. e5 Nc7 36. Nb6 Rb8 37. Rd6 h5 38. h4 gxh4 39. gxh4 Nd5+ 40. Nxd5 Bxd5 41. Rxa6 Rc8 42. Bd3 Bc4 43. Rb6 Rc5 44. Bxc4 bxc4 45. a6 Rxe5+ 46. Kd4 Ra5 47. Kxc4 e5 48. b4 Ra3 49. b5 e4 50. Kd4 Ra4+ 51. Ke3 f5 52. Kf4 Ra2 53. Kxf5 e3 54. Re6 e2 55. c4 Kf7 56. Rxe2 1-0

[Event "NED-chT 0910"]
[Site "Netherlands"]
[Date "2010.03.06"]
[Round "7.9"]
[White "Span, Paul"]
[Black "Van Ketel, Raoul"]
[Result "1-0"]
[WhiteElo "2315"]
[BlackElo "2241"]
[PlyCount "109"]
[EventDate "2009.09.26"]
[EventType "team"]
[EventRounds "9"]
[EventCountry "NED"]
[SourceTitle "EXT 2011"]
[Source "ChessBase"]
[SourceDate "2010.11.26"]
[SourceVersion "1"]
[SourceVersionDate "2010.11.26"]
[SourceQuality "1"]
[WhiteTeam "Calder HMC"]
[BlackTeam "Leiden LSG"]
[WhiteTeamCountry "NED"]
[BlackTeamCountry "NED"]

1. d4 Nf6 2. c4 e6 3. Nc3 Bb4 4. Qc2 0-0 5. a3 Bxc3+ 6. Qxc3 b6 7. Bg5 Bb7 8. f3 h6 9. Bh4 d5 10. cxd5 Nxd5 11. Bxd8 Nxc3 12. Be7 Re8 13. Bh4 Nd5 14. Bf2 Nd7 15. e4 Ne7 16. Ne2 c5 17. Nc3 cxd4 18. Bxd4 Red8 19. Rd1 Nc6 20. Be3 Nc5 21. Be2 Rxd1+ 22. Kxd1 Rd8+ 23. Kc2 Kf8 24. Rd1 Rxd1 25. Kxd1 Ke7 26. Kc2 Nd7 27. b4 Nf6 28. b5 Na5 29. Bd4 g5 30. Nd1 Ba8 31. Ne3 h5 32. a4 Nd7 33. Nc4 Nb7 34. Kc3 Nd6 35. Kb4 Nxc4 36. Bxc4 Kd6 37. a5 Bb7 38. h4 gxh4 39. Bf2 f5 40. exf5 exf5 41. Bxh4 Bd5 42. Bd3 Ke5 43. Bd8 Be6 44. axb6 axb6 45. Bc4 Bxc4 46. Kxc4 Kf4 47. Kd5 Kg3 48. Ke6 Nc5+ 49. Kxf5 Na4 50. f4 Nc3 51. Ke5 Nxb5 52. f5 Kxg2 53. f6 Na7 54. f7 Nc6+ 55. Ke4 1-0

[Event "NED-chT 0910"]
[Site "Netherlands"]
[Date "2009.12.12"]
[Round "4.9"]
[White "Span, Paul"]
[Black "Rietman, Frits"]
[Result "1-0"]
[WhiteElo "2315"]
[BlackElo "2251"]
[PlyCount "100"]
[EventDate "2009.09.26"]
[EventType "team"]
[EventRounds "9"]
[EventCountry "NED"]
[SourceTitle "EXT 2011"]
[Source "ChessBase"]
[SourceDate "2010.11.26"]
[SourceVersion "1"]
[SourceVersionDate "2010.11.26"]
[SourceQuality "1"]
[WhiteTeam "Calder HMC"]
[BlackTeam "Groningen Hotels"]
[WhiteTeamCountry "NED"]
[BlackTeamCountry "NED"]

1. d4 Nf6 2. c4 e6 3. Nc3 d5 4. cxd5 exd5 5. Bg5 Be7 6. e3 c6 7. Bd3 0-0 8. Nge2 Nbd7 9. Qc2 Re8 10. 0-0 Nf8 11. f3 g6 12. Nf4 Kg7 13. Bh4 Ne6 14. Nxe6+ Bxe6 15. Kh1 Nh5 16. Bxe7 Qxe7 17. Qf2 Kg8 18. Rad1 Rad8 19. Bc2 Qb4 20. Bb1 Re7 21. a3 Qd6 22. e4 Red7 23. e5 Qf8 24. f4 Ng7 25. Ne2 Bg4 26. h3 Bxe2 27. Qxe2 f5 28. g4 Re8 29. Rf2 Rf7 30. Qe3 Re6 31. Rg1 Kh8 32. gxf5 Nxf5 33. Bxf5 Rxf5 34. Rg5 h6 35. Rxf5 Qxf5 36. Kh2 Re7 37. Qf3 Kg7 38. Qg4 Rf7 39. Qxf5 Rxf5 40. Kg3 Kf7 41. h4 Ke6 42. b4 Rf8 43. Kg4 Ra8 44. f5+ gxf5+ 45. Rxf5 Rg8+ 46. Kf4 Rg1 47. Rf6+ Ke7 48. Rxh6 Re1 49. h5 Re4+ 50. Kf5 Rxd4 1-0

[Event "NED-chT 0910"]
[Site "Netherlands"]
[Date "2009.09.26"]
[Round "1.3"]
[White "Leenhouts, Koen"]
[Black "Span, Paul"]
[Result "1/2-1/2"]
[WhiteElo "2393"]
[BlackElo "2274"]
[PlyCount "158"]
[EventDate "2009.09.26"]
[EventType "team"]
[EventRounds "9"]
[EventCountry "NED"]
[SourceTitle "EXT 2010"]
[Source "ChessBase"]
[SourceDate "2010.11.25"]
[SourceVersion "1"]
[SourceVersionDate "2010.11.25"]
[SourceQuality "1"]
[WhiteTeam "Sas van Gent"]
[BlackTeam "Calder HMC"]
[WhiteTeamCountry "NED"]
[BlackTeamCountry "NED"]

1. e4 e6 2. d4 d5 3. e5 c5 4. c3 Nc6 5. Nf3 Qb6 6. Be2 Nh6 7. Na3 cxd4 8. cxd4 Bxa3 9. bxa3 Nf5 10. Be3 Qa5+ 11. Bd2 Qxa3 12. 0-0 Nfxd4 13. Nxd4 Nxd4 14. Rb1 a5 15. Bc1 Nxe2+ 16. Qxe2 Qa4 17. Rb3 b6 18. Qh5 Ba6 19. Re1 Bc4 20. Rg3 g6 21. Qg5 Qb4 22. Bd2 h6 23. Qe3 Qc5 24. Qf3 Qe7 25. a4 Rc8 26. Rb1 d4 27. Qf4 Qd8 28. h4 Ba6 29. Rf3 Rf8 30. Qxh6 Bb7 31. Rg3 Qd5 32. Qg7 Qa2 33. Rxb6 Qxd2 34. Rxb7 Qc1+ 35. Kh2 Qf4 36. Qf6 Qxf6 37. exf6 Rh8 38. Rg4 Rd8 39. Kg3 Rh5 40. Rg5 d3 41. Rxh5 gxh5 42. Rb1 Rd4 43. Rd1 e5 44. f3 Kd7 45. Kf2 Ke6 46. g3 Kxf6 47. Ke3 Rxa4 48. Rxd3 Kf5 49. Rd8 Ra3+ 50. Kf2 a4 51. Rh8 Kg6 52. Rg8+ Kh6 53. Ra8 f6 54. Ra6 Kg7 55. Kg2 Ra2+ 56. Kh3 a3 57. Ra7+ Kg6 58. Ra6 Ra1 59. Ra4 a2 60. Kg2 f5 61. Ra6+ Kf7 62. Ra7+ Kf6 63. Ra6+ Ke7 64. Ra7+ Ke6 65. Ra6+ Kd5 66. Ra5+ Kd4 67. Ra4+ Kd3 68. g4 hxg4 69. fxg4 f4 70. Ra3+ Kd4 71. Ra4+ Kc5 72. h5 e4 73. h6 f3+ 74. Kf2 Rh1 75. g5 a1Q 76. Rxa1 Rxa1 77. h7 Rh1 78. g6 Rh2+ 79. Kg1 f2+ 1/2-1/2

[Event "NED-chT 0809"]
[Site "Netherlands"]
[Date "2009.05.10"]
[Round "9.9"]
[White "Kollen, Zyon"]
[Black "Span, Paul"]
[Result "1/2-1/2"]
[WhiteElo "1864"]
[BlackElo "2296"]
[PlyCount "84"]
[EventDate "2008.09.27"]
[EventType "team-tourn"]
[EventRounds "9"]
[EventCountry "NED"]
[SourceTitle "EXT 2010"]
[Source "ChessBase"]
[SourceDate "2010.11.25"]
[SourceVersion "1"]
[SourceVersionDate "2010.11.25"]
[SourceQuality "1"]
[WhiteTeam "Enschede ESGOO"]
[BlackTeam "Calder HMC"]
[WhiteTeamCountry "NED"]
[BlackTeamCountry "NED"]

1. e4 c6 2. d4 d5 3. e5 c5 4. Nf3 Bg4 5. dxc5 e6 6. c3 Bxf3 7. Qxf3 Bxc5 8. Qg3 g6 9. Nd2 Ne7 10. Bd3 Qc7 11. 0-0 Nd7 12. Nf3 Nc6 13. Re1 a5 14. Bh6 Bf8 15. Bxf8 Kxf8 16. Rac1 Kg7 17. c4 Nc5 18. Bb1 d4 19. Qf4 Rhd8 20. Rcd1 Rd7 21. Rd2 Rad8 22. Red1 d3 23. Qe3 Nd4 24. Bxd3 Nxf3+ 25. gxf3 Nxd3 26. Rxd3 Rxd3 27. Rxd3 Rxd3 28. Qxd3 Qxe5 29. Qb3 Qc7 30. Qc3+ Kg8 31. b3 Qc5 32. Qf6 h5 33. Kg2 a4 34. Qc3 b5 35. Qd3 bxc4 36. bxc4 Qg5+ 37. Kf1 Qc1+ 38. Kg2 a3 39. Qd8+ Kh7 40. Qf6 Kg8 41. Qd8+ Kh7 42. Qf6 Kg8 1/2-1/2

[Event "NED-chT 0809"]
[Site "Netherlands"]
[Date "2009.03.28"]
[Round "7.7"]
[White "De Vreugt, Dennis"]
[Black "Span, Paul"]
[Result "1/2-1/2"]
[WhiteElo "2403"]
[BlackElo "2296"]
[PlyCount "137"]
[EventDate "2008.09.27"]
[EventType "team-tourn"]
[EventRounds "9"]
[EventCountry "NED"]
[SourceTitle "EXT 2010"]
[Source "ChessBase"]
[SourceDate "2010.11.25"]
[SourceVersion "1"]
[SourceVersionDate "2010.11.25"]
[SourceQuality "1"]
[WhiteTeam "Hilversum HSG"]
[BlackTeam "Calder HMC"]
[WhiteTeamCountry "NED"]
[BlackTeamCountry "NED"]

1. e4 c6 2. d4 d5 3. Nc3 dxe4 4. Nxe4 Bf5 5. Ng3 Bg6 6. f4 e6 7. Nf3 Nd7 8. h4 h6 9. Bd3 Bxd3 10. Qxd3 Qc7 11. Ne5 Ngf6 12. Be3 Be7 13. 0-0-0 Nd5 14. Kb1 Nxe5 15. fxe5 c5 16. dxc5 Nxe3 17. Qxe3 Qxc5 18. Qf4 Rc8 19. c3 0-0 20. Ne4 Qc7 21. Nd6 Rcd8 22. Rhe1 Qc6 23. Re3 Bxd6 24. exd6 Kh8 25. Rg3 f6 26. Qg4 Qd7 27. Rgd3 e5 28. Qe4 Rf7 29. g4 Qe6 30. c4 b6 31. b4 f5 32. gxf5 Rxf5 33. Qd5 Qf6 34. d7 Rf4 35. Re3 Qe7 36. a3 Rf7 37. Qxe5 Qxe5 38. Rxe5 Rfxd7 39. Re8+ Rxe8 40. Rxd7 Re4 41. c5 bxc5 42. bxc5 Rxh4 43. c6 Rc4 44. c7 Kh7 45. Kb2 h5 46. Kb3 Rc1 47. Kb4 h4 48. Kb5 h3 49. Rd3 Rxc7 50. Rxh3+ Kg6 51. a4 Kf6 52. Rf3+ Ke5 53. Rf8 g5 54. Rg8 Kf4 55. Rf8+ Kg3 56. a5 g4 57. Ka6 Rg7 58. Ra8 Kf2 59. Rxa7 Rg6+ 60. Kb5 g3 61. Rc7 g2 62. Rc1 g1Q 63. Rxg1 Rxg1 64. a6 Ke3 65. a7 Rg8 66. Kb6 Kd4 67. Kb7 Kc5 68. a8Q Rxa8 69. Kxa8 1/2-1/2

[Event "NED-chT 0809"]
[Site "Netherlands"]
[Date "2009.03.07"]
[Round "6.5"]
[White "Span, Paul"]
[Black "Middelburg, Tom"]
[Result "1/2-1/2"]
[WhiteElo "2296"]
[BlackElo "2387"]
[PlyCount "28"]
[EventDate "2008.09.27"]
[EventType "team-tourn"]
[EventRounds "9"]
[EventCountry "NED"]
[SourceTitle "EXT 2010"]
[Source "ChessBase"]
[SourceDate "2010.11.25"]
[SourceVersion "1"]
[SourceVersionDate "2010.11.25"]
[SourceQuality "1"]
[WhiteTeam "Calder HMC"]
[BlackTeam "Leiden LSG"]
[WhiteTeamCountry "NED"]
[BlackTeamCountry "NED"]

1. d4 d5 2. c4 c6 3. Nf3 Nf6 4. e3 Bf5 5. cxd5 cxd5 6. Qb3 Qc7 7. Bd2 Nc6 8. Bb5 e6 9. 0-0 Bxb1 10. Raxb1 Bd6 11. Bb4 0-0 12. Bxc6 Bxb4 13. Qxb4 Qxc6 14. Rfc1 Qa6 1/2-1/2

[Event "NED-chT 0708"]
[Site "Netherlands"]
[Date "2007.12.15"]
[Round "5.10"]
[White "Span, Paul"]
[Black "Van Beek, Lucien"]
[Result "1-0"]
[WhiteElo "2274"]
[BlackElo "2361"]
[PlyCount "109"]
[EventDate "2007.09.15"]
[EventType "team-tourn"]
[EventRounds "9"]
[EventCountry "NED"]
[SourceTitle "EXT 2009"]
[Source "ChessBase"]
[SourceDate "2008.11.26"]
[SourceVersion "1"]
[SourceVersionDate "2008.11.26"]
[SourceQuality "1"]
[WhiteTeam "Calder HMC"]
[BlackTeam "Homburg Apeldoorn"]
[WhiteTeamCountry "NED"]
[BlackTeamCountry "NED"]

1. d4 Nf6 2. c4 e6 3. Nc3 c5 4. d5 exd5 5. cxd5 d6 6. e4 g6 7. h3 Bg7 8. Nf3 0-0 9. Bd3 a6 10. a4 Re8 11. 0-0 Nbd7 12. Re1 Qc7 13. Bf4 c4 14. Bf1 Nh5 15. Bh2 Ne5 16. Bxe5 dxe5 17. d6 Qc6 18. Qd5 Be6 19. Qxc6 bxc6 20. Ng5 Nf4 21. Red1 Red8 22. a5 Bf8 23. Na4 Rxd6 24. Nb6 Rad8 25. Rxd6 Bxd6 26. Nxc4 Bc7 27. g3 h6 28. gxf4 hxg5 29. fxg5 Rb8 30. Ne3 Bc8 31. Ra2 Rb4 32. Bc4 Kf8 33. b3 Ke7 34. h4 Rb8 35. Kf1 Be6 36. Bxa6 Ra8 37. Bc4 Rxa5 38. Rxa5 Bxa5 39. Bxe6 Kxe6 40. Ke2 Bd8 41. Ng4 Bb6 42. Kf3 Bd8 43. Ne3 Bb6 44. Nc4 Bc5 45. Kg3 Bb4 46. Kg4 Be1 47. f3 Bf2 48. h5 gxh5+ 49. Kxh5 Be1 50. Kh6 Bb4 51. Kg7 Bc3 52. Kf8 Ba1 53. Na5 Bd4 54. Nxc6 Bc5+ 55. Ke8 1-0

[Event "EU-Cup 23rd"]
[Site "Kemer"]
[Date "2007.10.09"]
[Round "7.5"]
[White "Stanford, Sheila Barth"]
[Black "Span, Paul"]
[Result "1-0"]
[WhiteElo "2186"]
[BlackElo "2274"]
[PlyCount "89"]
[EventDate "2007.10.03"]
[EventType "team-swiss"]
[EventRounds "7"]
[EventCountry "TUR"]
[SourceTitle "CBM 121"]
[Source "ChessBase"]
[SourceDate "2007.11.14"]
[SourceVersion "1"]
[SourceVersionDate "2007.11.14"]
[SourceQuality "1"]
[WhiteTeam "Asker"]
[BlackTeam "Calder HMC"]
[WhiteTeamCountry "NOR"]
[BlackTeamCountry "NED"]

1. e4 c6 2. d4 d5 3. exd5 cxd5 4. c4 Nf6 5. Nc3 Nc6 6. Be3 g6 7. Nf3 Bg7 8. h3 0-0 9. Be2 dxc4 10. Bxc4 Na5 11. Be2 Be6 12. b3 Nd5 13. Ne4 Bf5 14. Ng3 Bc8 15. Rc1 Nc6 16. Qd2 Nxe3 17. fxe3 Qc7 18. Ne4 Bf5 19. Nf2 Qa5 20. 0-0 Rad8 21. Qe1 Bc8 22. Bc4 e6 23. Nd3 Qxe1 24. Rfxe1 Rd6 25. b4 Ne7 26. Bb3 Rfd8 27. Rc2 Bd7 28. Nde5 Bc6 29. Nxc6 Nxc6 30. a3 a6 31. Kf2 Kf8 32. Rec1 h6 33. Nd2 Ne7 34. Ne4 Rb6 35. Rc7 a5 36. Nc5 axb4 37. a4 Rc6 38. Rxb7 Rdc8 39. a5 Nf5 40. Ba4 Nxd4 41. Bxc6 Nxc6 42. Nd7+ Ke8 43. Nb6 Rd8 44. Rxc6 b3 45. Rc8 1-0

[Event "NED-chT 0607"]
[Site "Netherlands"]
[Date "2007.05.13"]
[Round "9.10"]
[White "Van Beek, Alexander"]
[Black "Span, Paul"]
[Result "1-0"]
[WhiteElo "2379"]
[BlackElo "2278"]
[PlyCount "121"]
[EventDate "2006.09.23"]
[EventType "team-tourn"]
[EventRounds "9"]
[EventCountry "NED"]
[SourceTitle "EXT 2008"]
[Source "ChessBase"]
[SourceDate "2007.11.25"]
[SourceVersion "1"]
[SourceVersionDate "2007.11.25"]
[SourceQuality "1"]
[WhiteTeam "Utrecht"]
[BlackTeam "Calder HMC"]
[WhiteTeamCountry "NED"]
[BlackTeamCountry "NED"]

1. Nf3 d5 2. d4 Nf6 3. c4 c6 4. Qb3 dxc4 5. Qxc4 e6 6. g3 b5 7. Qd3 Bb7 8. Bg2 Nbd7 9. 0-0 Be7 10. Bg5 0-0 11. Nbd2 a6 12. Bxf6 Bxf6 13. b4 a5 14. a3 Qe7 15. Qc3 e5 16. Ne4 exd4 17. Nxf6+ Qxf6 18. Nxd4 Ra7 19. Rac1 axb4 20. axb4 Rc8 21. Nxc6 Bxc6 22. Qxf6 gxf6 23. Rxc6 Rxc6 24. Bxc6 Ne5 25. Bd5 Rd7 26. e4 f5 27. Rc1 Nd3 28. Rc8+ Kg7 29. Rb8 Nxb4 30. Rxb5 Nc2 31. e5 Nd4 32. Ra5 f4 33. Kg2 fxg3 34. hxg3 Re7 35. Ra4 Nf5 36. Rg4+ Kf8 37. Re4 Rd7 38. g4 Nh4+ 39. Kg3 Rxd5 40. Kxh4 Rd2 41. f4 Rh2+ 42. Kg5 Kg7 43. Rd4 h6+ 44. Kf5 Ra2 45. Rd7 Ra5 46. Ke4 Ra4+ 47. Rd4 Ra5 48. f5 Rb5 49. f6+ Kg6 50. Rd8 Rb7 51. Rg8+ Kh7 52. Rg7+ Kh8 53. Kf5 Ra7 54. Rxf7 Rxf7 55. e6 Kg8 56. exf7+ Kxf7 57. Ke5 Kf8 58. Ke6 Ke8 59. f7+ Kf8 60. Kf6 h5 61. g5 1-0

[Event "NED-chT 0607"]
[Site "Netherlands"]
[Date "2007.03.03"]
[Round "6.4"]
[White "Span, Paul"]
[Black "Reinderman, Dimitri"]
[Result "0-1"]
[WhiteElo "2278"]
[BlackElo "2496"]
[PlyCount "79"]
[EventDate "2006.09.23"]
[EventType "team-tourn"]
[EventRounds "9"]
[EventCountry "NED"]
[SourceTitle "EXT 2008"]
[Source "ChessBase"]
[SourceDate "2007.11.25"]
[SourceVersion "1"]
[SourceVersionDate "2007.11.25"]
[SourceQuality "1"]
[WhiteTeam "Calder HMC"]
[BlackTeam "Rotterdam SO"]
[WhiteTeamCountry "NED"]
[BlackTeamCountry "NED"]

1. e4 c5 2. c3 Nf6 3. e5 Nd5 4. d4 cxd4 5. Nf3 e6 6. cxd4 d6 7. Bc4 Nc6 8. 0-0 Be7 9. Qe2 0-0 10. Qe4 Bd7 11. Bd3 f5 12. exf6 Nxf6 13. Qe2 Qa5 14. Nc3 Rae8 15. Ne4 Nxe4 16. Qxe4 Qh5 17. Bf4 g5 18. Bg3 g4 19. Nd2 d5 20. Qe3 Bg5 21. Qe1 Nxd4 22. Nb3 Nf5 23. Be5 Nh4 24. Nd4 Bf6 25. f4 Nxg2 26. Kxg2 Qh3+ 27. Kh1 Qxd3 28. Rg1 h5 29. Rg3 Qg6 30. Qe2 Rf7 31. Rag1 Bxe5 32. Qxe5 Ref8 33. Ne2 Bc6 34. h3 d4+ 35. Kh2 d3 36. Nd4 Rxf4 37. Nxc6 bxc6 38. Qd6 Rf2+ 39. R1g2 Qe4 40. hxg4 0-1

[Event "NED-chT 0607"]
[Site "Netherlands"]
[Date "2007.02.03"]
[Round "5.5"]
[White "Span, Paul"]
[Black "L'Ami, Erwin"]
[Result "1/2-1/2"]
[WhiteElo "2278"]
[BlackElo "2586"]
[PlyCount "174"]
[EventDate "2006.09.23"]
[EventType "team-tourn"]
[EventRounds "9"]
[EventCountry "NED"]
[SourceTitle "EXT 2008"]
[Source "ChessBase"]
[SourceDate "2007.11.25"]
[SourceVersion "1"]
[SourceVersionDate "2007.11.25"]
[SourceQuality "1"]
[WhiteTeam "Calder HMC"]
[BlackTeam "Hilversum HSG"]
[WhiteTeamCountry "NED"]
[BlackTeamCountry "NED"]

1. e4 e5 2. Nf3 Nc6 3. Bb5 a6 4. Bxc6 dxc6 5. 0-0 Qd6 6. Na3 b5 7. c3 c5 8. Nc2 Bb7 9. a4 c4 10. axb5 axb5 11. Rxa8+ Bxa8 12. Na3 f6 13. Re1 Qa6 14. d4 cxd3 15. Qxd3 Bxa3 16. bxa3 Ne7 17. Be3 Kf7 18. Bc5 Qc6 19. Bb4 Ng6 20. g3 h5 21. h4 Re8 22. Nd2 Nf8 23. c4 bxc4 24. Nxc4 Ne6 25. Na5 Qa4 26. Nb3 Bc6 27. Nc5 Nxc5 28. Bxc5 Bd7 29. Rc1 Be6 30. Bb4 Rc8 31. Qc2 Qb5 32. Qc5 Qd7 33. a4 Kg6 34. Qe7 Qxe7 35. Bxe7 Ra8 36. Ra1 Bc4 37. a5 Ba6 38. Bb4 Rb8 39. Bc3 Rd8 40. Rc1 Rd3 41. Bb4 Rd4 42. Bf8 Rxe4 43. Rxc7 Re1+ 44. Kg2 e4 45. g4 hxg4 46. Kg3 e3 47. Kf4 f5 48. fxe3 Rf1+ 49. Ke5 Kh5 50. Rxg7 Kxh4 51. Be7+ Kg3 52. Bg5 Bd3 53. Bf4+ Kf3 54. a6 Be4 55. a7 Ra1 56. Kd6 Ra5 57. Ke6 Bd3 58. Kd6 Ra2 59. Ke5 Ra4 60. Kd6 Ra5 61. Ke6 Ke4 62. Kd6 Ra4 63. Re7+ Kf3 64. Rg7 Be4 65. Kc5 Ra5+ 66. Kd6 Rd5+ 67. Ke6 Ra5 68. Kd6 Ra6+ 69. Kc5 Rc6+ 70. Kd4 Re6 71. Kc5 Ra6 72. Kb5 Ra1 73. Kc5 Rg1 74. Rg8 g3 75. Rxg3+ Rxg3 76. Bxg3 Kxg3 77. Kd4 Kg4 78. Ke5 Kg5 79. Ke6 Kg6 80. Ke5 Ba8 81. Ke6 Bb7 82. Ke5 Kg5 83. Ke6 Kg4 84. Ke5 Be4 85. Ke6 Kf3 86. a8Q Bxa8 87. Kxf5 Kxe3 1/2-1/2

[Event "NED-chT 0607"]
[Site "Netherlands"]
[Date "2006.11.11"]
[Round "3.4"]
[White "Bierenbroodspot, Paul"]
[Black "Span, Paul"]
[Result "1/2-1/2"]
[WhiteElo "2245"]
[BlackElo "2278"]
[PlyCount "202"]
[EventDate "2006.09.23"]
[EventType "team-tourn"]
[EventRounds "9"]
[EventCountry "NED"]
[SourceTitle "CBM 115 Extra"]
[Source "ChessBase"]
[SourceDate "2007.01.10"]
[SourceVersion "1"]
[SourceVersionDate "2007.01.10"]
[SourceQuality "1"]
[WhiteTeam "Enschede ESGOO"]
[BlackTeam "Calder HMC"]
[WhiteTeamCountry "NED"]
[BlackTeamCountry "NED"]

1. e4 e5 2. Nf3 Nc6 3. Bb5 a6 4. Ba4 Nf6 5. Nc3 d6 6. d4 Bd7 7. dxe5 Nxe5 8. Nxe5 dxe5 9. Bxd7+ Qxd7 10. 0-0 Bb4 11. Qxd7+ Kxd7 12. Rd1+ Ke6 13. Nd5 Nxd5 14. exd5+ Kd7 15. Be3 a5 16. c4 Kd6 17. a3 Bc5 18. Bxc5+ Kxc5 19. b4+ axb4 20. axb4+ Kxb4 21. Rab1+ Kc5 22. Rxb7 Rhc8 23. g3 Ra4 24. d6 Kc6 25. Rxc7+ Rxc7 26. dxc7 Kxc7 27. c5 Ra7 28. Rd6 Ra5 29. Rd5 f6 30. h4 Ra4 31. Rd6 Ra5 32. Re6 Kd7 33. Rd6+ Ke7 34. Rc6 Ra7 35. Rd6 Rc7 36. Rd5 Rc6 37. Kg2 Ke6 38. Rd8 Rxc5 39. Ra8 Rc7 40. Ra5 Rd7 41. Kf3 f5 42. Ra6+ Rd6 43. Ra7 Kf6 44. Rb7 Ra6 45. Rc7 h6 46. Rb7 g5 47. hxg5+ hxg5 48. Rb8 e4+ 49. Ke3 Ra3+ 50. Ke2 Kg6 51. Rh8 f4 52. gxf4 gxf4 53. Rg8+ Kf7 54. Rg4 Rf3 55. Rh4 Kg6 56. Rh8 Rc3 57. Rg8+ Kf5 58. Rg7 Rc2+ 59. Ke1 Ra2 60. Rg8 Ra6 61. Ke2 f3+ 62. Ke1 Ra1+ 63. Kd2 Ra2+ 64. Ke1 Re2+ 65. Kf1 Ke5 66. Re8+ Kd4 67. Rd8+ Kc3 68. Rc8+ Kd2 69. Rd8+ Kc1 70. Rc8+ Kd1 71. Rd8+ Rd2 72. Re8 Rd4 73. Rc8 Kd2 74. Re8 Kd3 75. Ra8 Rb4 76. Rd8+ Kc4 77. Rc8+ Kd5 78. Rd8+ Ke5 79. Re8+ Kf6 80. Rf8+ Kg6 81. Kg1 Rb5 82. Rf4 Rg5+ 83. Kf1 Re5 84. Rf8 Rb5 85. Kg1 Rb2 86. Re8 Kf5 87. Rf8+ Ke5 88. Re8+ Kd4 89. Rd8+ Kc3 90. Rd7 Rd2 91. Ra7 Kd3 92. Ra3+ Kc2 93. Re3 Re2 94. Ra3 Rd2 95. Ra4 Re2 96. Rd4 Kc3 97. Rd8 Rd2 98. Ra8 Rd4 99. Ra3+ Kc4 100. Kh2 Rd1 101. Kg3 Rf1 1/2-1/2

[Event "EU-Cup 22nd"]
[Site "Fuegen"]
[Date "2006.10.12"]
[Round "5.5"]
[White "Span, Paul"]
[Black "Schaefer, Markus"]
[Result "1/2-1/2"]
[WhiteElo "2278"]
[BlackElo "2379"]
[PlyCount "44"]
[EventDate "2006.10.08"]
[EventType "team-swiss"]
[EventRounds "7"]
[EventCountry "AUT"]
[SourceTitle "CBM 115"]
[Source "ChessBase"]
[SourceDate "2006.11.15"]
[SourceVersion "1"]
[SourceVersionDate "2006.11.15"]
[SourceQuality "1"]
[WhiteTeam "Calder HMC"]
[BlackTeam "Solingen SG"]
[WhiteTeamCountry "NED"]
[BlackTeamCountry "GER"]

1. e4 e6 2. d4 d5 3. Nc3 Nf6 4. Bg5 Be7 5. e5 Nfd7 6. Bxe7 Qxe7 7. f4 0-0 8. Nf3 c5 9. dxc5 Nc6 10. Qd2 Nxc5 11. 0-0-0 a6 12. Bd3 b5 13. Kb1 b4 14. Ne2 a5 15. Ned4 Nxd4 16. Nxd4 Bd7 17. g4 f6 18. exf6 Qxf6 19. Rhf1 e5 20. fxe5 Qxe5 21. Bf5 Ne4 22. Qd3 Bxf5 1/2-1/2